| 000 | 00924cam a2200277 a 4500 | ||
|---|---|---|---|
| 005 | 20170619150158.0 | ||
| 008 | 030522s1980 ab 00eng d | ||
| 020 | _a0883121557 | ||
| 035 | _a(MSEA old Access rec no.)1871 | ||
| 035 | _a(MSEA old Access item no.)B01889 | ||
| 040 |
_aDTL _dDTL |
||
| 082 | 0 | 4 | _a305.8959 |
| 100 | 1 | _aGregerson, Marilyn Bergman. | |
| 245 | 0 | 0 |
_aNotes from Indochina : _bon ethnic minority cultures / _cedited by Marilyn Gregerson, Dorothy Thomas. |
| 260 |
_aDallas, TX.: _bSIL Museum of Anthropology, _cc1980 |
||
| 300 |
_axvi , 254 p. : _bill. , map. |
||
| 336 |
_2rdacontent _atext |
||
| 337 |
_2rdamedia _aunmediated |
||
| 338 |
_2rdacarrier _avolume |
||
| 490 | 1 |
_aSIL museum of anthropology publication ; _vno.6 |
|
| 500 | _aIncludes reference. | ||
| 650 | 0 |
_aEthnic groups _zIndochina. |
|
| 651 | 0 |
_aIndochina _xEthnic groups. |
|
| 700 | 1 | _aThomas, Dorothy. | |
| 942 |
_n0 _2ddc |
||
| 999 |
_c64271 _d64245 |
||